English poems

Uloženo v:
Podrobná bibliografie
Hlavní autor: Milton, John (autor)
Médium: Kniha
Jazyk:angličtina
Vydáno: Oxford Clarendon Press 1875
Edice:Clarendon Press Series
Témata:
Tagy: Přidat tag
Žádné tagy, Buďte první, kdo vytvoří štítek k tomuto záznamu!

MARC

LEADER 00000nam a2200000 a 4500
001 UCQ3785
003 CL-VaPUC
008 980828e18750000UK |||||||||||||||||eng|d
082 0 4 |a 821  |b MIL  |2 21 
100 |a Milton, John  |e autor  |9 337433 
245 1 0 |a English poems 
300 |a 384 p 
942 |c BK 
945 |d 19980828 00:00:00  |a crobeson 
260 |a Oxford  |b Clarendon Press  |c 1875 
650 0 |a Poesías inglesas  |9 265094 
650 0 |a Literatura inglesa  |9 312907 
583 |a last modification  |c 19980828 00:00:00  |k Rodrigo Vera 
490 0 |a Clarendon Press Series 
999 |c 274300  |d 274298 
952 |0 0  |1 0  |4 0  |6 821_000000000000000_MIL_1875  |7 0  |8 P  |9 310437  |a BIBEDU  |b BIBEDU  |c BIBEDU_PB  |d 2019-11-20  |i 1458221  |o 821 MIL 1875  |p 1458221  |r 2024-01-25  |w 2019-11-20  |y BK  |k LIT